Kid pirates : (Record no. 5448)

MARC details
000 -LEADER
fixed length control field 01147nam a22002897a 4500
001 - CONTROL NUMBER
control field 5448
003 - CONTROL NUMBER IDENTIFIER
control field FISKH
005 - DATE AND TIME OF LATEST TRANSACTION
control field 20241206154148.0
008 - FIXED-LENGTH DATA ELEMENTS--GENERAL INFORMATION
fixed length control field 241206b cb ||||| |||| 00| 0 eng d
020 ## - INTERNATIONAL STANDARD BOOK NUMBER
International Standard Book Number 9780439918138
040 ## - CATALOGING SOURCE
Original cataloging agency FISKH
Language of cataloging eng
Transcribing agency FISKH
Modifying agency FISKH
050 ## - LIBRARY OF CONGRESS CALL NUMBER
Classification number G535.Z85
082 ## - DEWEY DECIMAL CLASSIFICATION NUMBER
Classification number 920.07
100 ## - MAIN ENTRY--PERSONAL NAME
Personal name Zullo, Allan
245 ## - TITLE STATEMENT
Title Kid pirates :
Remainder of title their battles, shipwrecks & narrow escapes ;
Statement of responsibility, etc. by Allan Zullo
250 ## - EDITION STATEMENT
Edition statement First Scholastic printing, September 2007
260 ## - PUBLICATION, DISTRIBUTION, ETC.
Place of publication, distribution, etc. New York :
Name of publisher, distributor, etc. Scholastic ;
Date of publication, distribution, etc. 2007.
300 ## - PHYSICAL DESCRIPTION
Extent 147 pages :
Other physical details illustrations ;
Dimensions 20 cm .
505 ## - FORMATTED CONTENTS NOTE
Formatted contents note Z <br/>
520 ## - SUMMARY, ETC.
Summary, etc. Some volunteered. Others were forced to serve. But each of these young people sailed with the world's most feared pirates-from the notorious Blackbeard and Captain Kidd to Sir Henry Morgan and others. Some of these kids fought side-by-side with the pirates, and others tried to escape. You will never forget their incredible true stories.
521 8# - TARGET AUDIENCE NOTE
Target audience note 970 <br/>
Source Lexile <br/>
521 8# - TARGET AUDIENCE NOTE
Target audience note Z <br/>
Source Raz-Plus <br/>
650 ## - SUBJECT ADDED ENTRY--TOPICAL TERM
Topical term or geographic name entry element adventure
Form subdivision Non-fiction
650 ## - SUBJECT ADDED ENTRY--TOPICAL TERM
Topical term or geographic name entry element biography
Form subdivision Non-fiction
942 ## - ADDED ENTRY ELEMENTS (KOHA)
Source of classification or shelving scheme Dewey Decimal Classification
Koha item type Books
Suppress in OPAC No
Holdings
Withdrawn status Lost status Source of classification or shelving scheme Damaged status Not for loan Collection Home library Current library Shelving location Date acquired Total Checkouts Full call number Barcode Date last seen Price effective from Koha item type
    Dewey Decimal Classification     Non-Fiction Footprints International School Library Network Toul Kork Campus Footprints International School Library Network Toul Kork Campus TTP Secondary Non-Fiction Bookshelves 12/06/2024   ZUL 920.07 G535.Z85 FISSE00381 12/06/2024 12/06/2024 Books